ما وراء الطبيعة فى إيران / (Record no. 15822)
[ view plain ]
| 000 -الفاتح | |
|---|---|
| حقل البيانات ثابتة الطول | 01295cam a22002897a 4500 |
| 003 - محدد رقم الضبط | |
| رقم الضبط | EG-ScBUE |
| 005 - وقت وتاريخ اخر تعامل مع التسجيلة | |
| رقم الضبط | 20201124141956.0 |
| 008 - عناصر البيانات ثابتة الطول - معلومات عامة | |
| حقل البيانات ثابتة الطول | 110814s2005 ua f b 000 0 ara d |
| 040 ## - مصدر الفهرسة | |
| وكالة الفهرسة الأصلية | EG-ScBUE |
| لغة الفهرسة | ara |
| قواعد الوصف | rda |
| وكالة النسخ | EG-ScBUE |
| وكالة التعديل | EG-ScBUE |
| 041 1# - رمز اللغة | |
| رمز لغة النص/ المسارات الصوتية أو العنوان الانفرادي | ara |
| رمز لغة الترجمات و/او الاصلية المتوسطة للنص | fre |
| 043 ## - رمز المنطقة الجغرافية | |
| رمز المنطقة الجغرافية | a-ir--- |
| 082 04 - رقم تصنيف ديوى العشرى | |
| رقم التصنيف | 110 |
| رقم المادة | إ ق ب |
| رقم الطبعة | 22 |
| 245 10 - بيان العنوان | |
| العنوان | ما وراء الطبيعة فى إيران / |
| بيان المسئوليه,etc | لشاعر باكستان الأكبر محمد إقبال ؛ قدم له ونقله عن الفرنسية دكتور حسين مجيب المصري. |
| 264 #1 - النشر، التوزيع | |
| مكان الناشر او الموزع | القاهرة : |
| اسم الناشر او الموزع | مكتبة الأنجلو المصرية : |
| -- | المجلس الأعلى للثقافة، |
| تاريخ النشر أو التوزيع | 2005. |
| 300 ## - الوصف المادى | |
| التعداد | 224 صفحة ؛ |
| أبعاد الوعاء | 24 سم. |
| 336 ## - نوع المحتوى | |
| source | rdacontent |
| Carrier Type Term | نص |
| Content Type Code | txt |
| 337 ## - نوع الوسيط | |
| source | rdamedia |
| Media Type Term | بدون وسيط |
| Media Type Code | n |
| 338 ## - نوع الحامل أو الناقل | |
| source | rdacarrier |
| Carrier Type Term | مجلد |
| Carrier Type Code | nc |
| 490 0# - بيان السلسلة | |
| عنوان السلسلة | المشروع القومي للترجمة. |
| -- | سلسلة ميراث الترجمة ؛ |
| رقم المجلد/ التعيين التسلسلي | 966 |
| 505 ## - تبصرة محتويات-الفهرس | |
| تبصرة المحتويات المصاغة | يشتمل على إرجاعات ببليوجرافية. |
| 546 ## - تبصرة اللغة | |
| تبصرة اللغة | النص باللغة العربية وقد تم ترجمته من اللغة الفرنسية. |
| 590 ## - تبصرة محلية(RLIN) | |
| تبصرة محلية | Bilal |
| 653 ## - مصطلح تكشيفى غير مقيد | |
| Resource For college | Humanities: English |
| Arrived date list | July2019 |
| 655 ## - مصطلح تكشيفى-نوع/شكل | |
| التقسيم الفرعي الشكلي | Reading book |
| -- | 34232 |
| 700 1# - المدخل الاضافى - اسم شخصى | |
| الإسم الشخصى | المصري، حسين مجيب، |
| التواريخ المصاحبة للاسم | 1916- |
| الدور | مترجم |
| 9 (RLIN) | 26684 |
| 942 ## - عناصر المدخل الإضافي( كوها) | |
| مصدر التصنيف او مخطط الترفيف | Dewey Decimal Classification |
| Koha [default] item type | Book - Borrowing |
| حالة التراجع | حالة الفقد | مصدر التصنيف او خطة الترفيف | حالة تلف | ليس للاعارة | مجموعات كوها | المكان الدائم | المكان الحالي | موقع الترفيف | تاريخ الاكتساب | Source of acquisition | رقم الاستدعاء | الباركود | Date last seen | نوع الوعاء |
|---|---|---|---|---|---|---|---|---|---|---|---|---|---|---|
| Dewey Decimal Classification | Baccah | Central Library | Central Library | Second Floor | 14/08/2011 | Donation | 110 إ ق ب | 000025082 | 15/07/2025 | Book - Borrowing |